Guessing the Taylor Swift Song 18 - Statistics

General Stats
  • This quiz has been taken 30 times
  • The average score is 211 of 298
Answer Stats
Answer % Correct
I
100%
the
96%
you
96%
You
96%
I'm
91%
in
91%
is
91%
so
91%
So
91%
your
91%
And
87%
be
87%
it
87%
me
87%
you're
87%
You're
87%
last
83%
my
83%
no,
83%
no
83%
No,
83%
no.
83%
of
83%
that
83%
time
83%
to
83%
but
78%
But
78%
for
78%
it's
78%
this
78%
This
78%
All
74%
all
74%
can
74%
do
74%
if
74%
If
74%
not
74%
was
74%
don't
70%
Don't
70%
I've
70%
Like
70%
tell
70%
had
65%
know
65%
up
65%
would
65%
baby
61%
believe
61%
cause
61%
did
61%
didn't
61%
down
61%
have
61%
loved
61%
out
61%
sorry
61%
sorry...
61%
want
61%
won't
61%
been
57%
got
57%
hurt
57%
There's
57%
would've
57%
asking
52%
call
52%
come
52%
Could've
52%
left
52%
let
52%
life
52%
now
52%
phone
52%
wanna
52%
anymore
48%
nothing
48%
pick
48%
thinking
48%
around
43%
before
43%
being
43%
cold
43%
gone
43%
never
43%
straw
43%
tired
43%
waiting
43%
we'll
43%
each
39%
hadn't
39%
hoping
39%
long
39%
might
39%
beg
35%
figured
35%
fine
35%
listen
35%
taken
35%
watched
35%
away
30%
every
30%
honey
30%
looking
30%
secrets
30%
used
30%
worked
30%
bright
26%
fade
26%
share
26%
shine
26%
again
22%
innocent
22%
wasting
22%
chances
13%
crawling
13%
giving
13%
No matching quizzes found
Score Distribution
Percent of People with Each Score
Percentile by Number Answered
Your Score History
You have not taken this quiz